| 000 | 00829nam a2200205 a 4500 | ||
|---|---|---|---|
| 001 | 000029467 | ||
| 005 | 20200930055554.0 | ||
| 008 | 110415s2001 dr ad 000 0 spa d | ||
| 040 |
_aDO-SdBNP _bspa _cBNPHU |
||
| 110 | 2 |
_aCentro Nacional de Investigaciones en Salud Materno Infantil _955757 |
|
| 245 | 1 | 0 |
_aBases bioquímicas de la ateroesclerosis / _ceditores Ceila Pérez-Ferran, Agustina Canela Arias, Jimmy Barranco Ventura. |
| 260 |
_aSanto Domingo : _bCENISMI, _c2001. |
||
| 300 |
_a32 p. : _bil., diagramas ; _c28 cm. |
||
| 490 | 1 |
_aEstudios aplicados a la clínica _vv. 3 |
|
| 504 | _aBibliografía : 28-31 p. | ||
| 700 | 1 |
_aPérez-Ferran, Ceila, _eed. _956336 |
|
| 700 | 1 |
_aCanela Arias, Agustina, _eed. _956337 |
|
| 700 | 1 |
_aBarranco Ventura, Jimmy, _eed. _956338 |
|
| 830 | 0 |
_aEstudios aplicados a la clínica _vv. 3 _956339 |
|
| 999 |
_c28959 _d28959 |
||